000
00314nam a22001457a 4500
008
210312b ||||| |||| 00| 0 eng d
020
_a
9780415894630
041
_a
eng
080
_2
4th
_a
34
082
_a
34
100
_a
14
101
_a
JUR
245
_a
Media Law and Ethics
_c
Moore, R. L
942
_2
udc
_c
BK
999
_c
56494
_d
56494